<?xml version="1.0" encoding="UTF-8"?>
<marc:record xmlns:marc="http://www.loc.gov/MARC21/slim">
   <marc:leader>00000nam a2200000 a 4500</marc:leader>
   <marc:datafield ind1="1" ind2=" " tag="100">
      <marc:subfield code="a">Strolz, Matthias</marc:subfield>
      <marc:subfield code="4">edt</marc:subfield>
      <marc:subfield code="e">Bearbeiter/-in</marc:subfield>
   </marc:datafield>
   <marc:datafield ind1="1" ind2=" " tag="100">
      <marc:subfield code="a">Unger, Michael</marc:subfield>
      <marc:subfield code="4">edt</marc:subfield>
      <marc:subfield code="e">Bearbeiter/-in</marc:subfield>
   </marc:datafield>
   <marc:datafield ind1=" " ind2=" " tag="653">
      <marc:subfield code="a">Softcover / Sachbücher/Politik</marc:subfield>
   </marc:datafield>
   <marc:datafield ind1=" " ind2=" " tag="653">
      <marc:subfield code="a">Gesellschaft</marc:subfield>
   </marc:datafield>
   <marc:datafield ind1=" " ind2=" " tag="653">
      <marc:subfield code="a">Wirtschaft/Sonstiges</marc:subfield>
   </marc:datafield>
   <marc:datafield ind1="0" ind2="0" tag="245">
      <marc:subfield code="a">Die mündige Schule</marc:subfield>
   </marc:datafield>
   <marc:datafield ind1="0" ind2="0" tag="245">
      <marc:subfield code="b">Buntbuch Schulautonomie</marc:subfield>
   </marc:datafield>
   <marc:datafield ind1=" " ind2="1" tag="264">
      <marc:subfield code="a">Wien</marc:subfield>
      <marc:subfield code="b">Contentkaufmann</marc:subfield>
      <marc:subfield code="c">2015</marc:subfield>
   </marc:datafield>
   <marc:datafield ind1="1" ind2=" " tag="520">
      <marc:subfield code="a">Angaben aus der Verlagsmeldung

Die mündige Schule : Buntbuch Schulautonomie

Das Buntbuch Schulautonomie zeichnet aus verschiedensten Blickwinkeln und Herangehensweisen
ein buntes Bild der Wege zur Schulautonomie. Es hinterfragt, welche Rahmenbedingungen selbstverantwortliche
Schulen benötigen und was sie zu leisten im Stande sind. Das Buntbuch soll zum Wegbegleiter all jener werden, die sich fu¨r mehr Vielfalt und Individualität im Bildungswesen einsetzen. Im Schlusskapitel »Weißbuch Schulautonomie« legt »Talente blu¨hen!« ein umfassendes Konzept fu¨r eine dreifache Schulautonomie in Österreich und einen
Stufenplan zu deren Einfu¨hrung vor.

»Talente blu¨hen!« ist eine u¨berparteiliche Bildungsinitiative fu¨r mehr Gestaltungsfreiheit und mehr Verantwortung
im Schulwesen. Gru¨nder der Initiative ist Matthias Strolz. Das Herzensanliegen der Initiator_innen ist es, die Talente der Schu¨ler_innen zum Blu¨hen und die Stärken der im Bildungswesen tätigen Menschen zur vollen Entfaltung zu bringen.
Ziel der Initiative ist es, der Idee einer umfassenden Schulautonomie in Österreich zum Durchbruch zu verhelfen.
</marc:subfield>
   </marc:datafield>
   <marc:datafield ind1=" " ind2=" " tag="020">
      <marc:subfield code="a">9783950402704</marc:subfield>
      <marc:subfield code="9">9783950402704</marc:subfield>
   </marc:datafield>
   <marc:datafield ind1=" " ind2=" " tag="041">
      <marc:subfield code="a">ger</marc:subfield>
   </marc:datafield>
   <marc:datafield ind1=" " ind2=" " tag="300">
      <marc:subfield code="a">288 S.</marc:subfield>
   </marc:datafield>
</marc:record>
